=LDR 00000nam 2200000 4500 =001 NUTBA000000000001225 =005 20200225123856 =035 ##$$a 0010-041400000000495 =008 200225################g##########0#ind## =020 ##$$a 979-602-00-1489-0 =082 ##$$a 154.7 =100 1#$$a Sunaidi, Nathalia =245 1#$$a Wealth acceleration : $b Bagaimana memprogram pikiran kaya raya ke alam bawah sadar anda dalam waktu dua hari atau kurang /$c Nathalia Sunaidi =260 ##$$a Jakarta :$b Elex Media Komputindo,$c 2011. =440 ##$$awealth acceleration =084 ##$$a 154.7 SUN w =250 ##$$a Diterbitkan pertama kali =300 ##$$a x,146 hlm. ; $c 21 X 15 cm. =650 #4$$a Hipnotis =990 ##$$a 21103882 =990 ##$$a 21103883 =990 ##$$a 0001/BPAP-NTB/2016